🗺️Parcours géographique optimisé - Statistiques

Statistiques générales
  • Ce quiz a été pris 100 fois
  • Le résultat moyen est 21 sur 25
Statistiques - réponses
Réponse % Correct
Allemagne
99%
Pologne
99%
Russie
98%
Biélorussie / Ukraine
97%
Bresil
94%
Colombie
93%
Corée du Nord
92%
Biélorussie / Lettonie
90%
Pakistan
90%
Panama
90%
Costa Rica
88%
Guatemala
88%
Honduras
85%
Turquie
84%
Iran
83%
Russie
83%
Grece
81%
Nicaragua
80%
Algérie
78%
Egypte
78%
Libye
78%
Turquie
78%
Israël
76%
Géorgie
73%
Syrie
72%
Aucun quiz correspondant
Distribution des résultats
% des personnes avec chaque résultat
Percentile par nombre de réponses
Votre historique - résultats
Vous n’avez pas pris ce quiz